000 00634nam a22001817a 4500
005 20230607062050.0
008 230109b |||||||| |||| 00| 0 eng d
020 _a978-971-9656-05-0
082 _aFil. 375.001 D321 2015
100 _aDe Guzman, Estefania S.
_eauthor
245 _aField Study 1:
_blearner development in one's environment /
_cEstefania S. De Guzman
260 _aQuezon City:
_bAdriana Publishing,
_cc2015.
300 _axx, 58p.;
_bill.
490 _aOBE outcome-based handbook
504 _aIncludes bibliographies
541 _e4780 c.1, 4781 c.2, 4782 c.3, 4783 c.4, 4784 c.5
650 _aEducation - Curricula
999 _c478
_d478